00535 2200169 4500001002100000008004100021035002000062245011900082100004500201260003500246300001300281020001800294084001400312082000800326650001200334990001900346INLIS000000000003538 ind  a0010-0824000037 aSejarah Nasional Indonesia 5bZaman Kebangkitan Nasional dan Masa Republik IndonesiacMarwati Djoenet Poesponegoro aTIM Nasional Penulisan Sejarah Indonesia aJakarta :bBalai Pustakac2008 a450 hlm. a979-407-411-X a959 TIM s a959 aSejarah aP29/CP/24/3537